000
00256nam a2200109Ia 4500
008
190216s9999||||xx |||||||||||||| ||und||
100
_a
William Congreve
245
4
_a
The Way Of The World
260
_b
J M Dent &sons Ltd
650
_a
English
942
_c
BK
999
_c
12233
_d
12233